| 000 | 00626nam a2200157 a 4500 | ||
|---|---|---|---|
| 008 | 160126s2012 ||||||||||||||||| || u | ||
| 020 | _a9789350258705 | ||
| 050 | _aRD 561 Imp | ||
| 100 | _aThienpont, Emmanuel | ||
| 245 | 1 | 0 |
_aImproving accuracy in knee arthroplasty _cby Thienpont Emmanuel |
| 260 |
_aNew Delhi _bJaypee Brothers Medical publishers _c2012 |
||
| 300 | _axvii, 375p.: ill. | ||
| 350 | _a144.00 | ||
| 650 | _aJOINTS--DISEASES | ||
| 995 |
_aMEDICAL LIBRARY OPEN ACCESS _e903570 _FCBU-SCHOOL OF MEDICINE LIBRARY (Ndola) _I144.00 _jRD 561 Imp _M1 _UAVAILABLE _WFeb 19, 2016 _y903570 _ZMedical Library Open Access Collection |
||
| 999 |
_c31779 _d31779 |
||